<?xml version="1.0" encoding="UTF-8"?>
<resp>
  <nextPage>https://data.bn.org.pl/api/networks/bibs.marcxml?marc=001+b00001150003232&amp;sinceId=1150003233</nextPage>
  <collection>
    <record xmlns='http://www.loc.gov/MARC21/slim'><leader>01253namZa2200373ZiZ4500</leader><controlfield tag='001'>b00001150003232</controlfield><controlfield tag='005'>20241203214654.8</controlfield><controlfield tag='008'>230609s        pl           |000 0 pol c</controlfield><controlfield tag='009'>9913262113305606</controlfield><datafield ind1=' ' ind2=' ' tag='020'><subfield code='a'>837469064X</subfield></datafield><datafield ind1=' ' ind2=' ' tag='035'><subfield code='a'>KR_1KR_1_20120318001643038610-48omnis_kr</subfield></datafield><datafield ind1=' ' ind2=' ' tag='035'><subfield code='a'>KR_1_20120318001643038610</subfield><subfield code='9'>ExL</subfield></datafield><datafield ind1=' ' ind2=' ' tag='035'><subfield code='a'>(PL)b00001150003232</subfield></datafield><datafield ind1=' ' ind2=' ' tag='040'><subfield code='a'>KR_1</subfield><subfield code='c'>KR_1</subfield></datafield><datafield ind1='1' ind2=' ' tag='041'><subfield code='a'>pol</subfield><subfield code='h'>eng</subfield></datafield><datafield ind1='1' ind2=' ' tag='100'><subfield code='a'>Cornwell, Patricia Daniels</subfield><subfield code='d'>(1956- )</subfield></datafield><datafield ind1='1' ind2='0' tag='245'><subfield code='a'>Śmiertelny koktajl /</subfield><subfield code='c'>Patricia Cornwell ; przeł. Maciej Antosiewicz.</subfield></datafield><datafield ind1=' ' ind2=' ' tag='260'><subfield code='a'>W-wa :</subfield><subfield code='b'>Prószyński i S-ka,</subfield><subfield code='c'>[2005].</subfield></datafield><datafield ind1=' ' ind2=' ' tag='300'><subfield code='a'>327 s. ;</subfield><subfield code='c'>20 cm.</subfield></datafield><datafield ind1='1' ind2=' ' tag='490'><subfield code='a'>Diament</subfield></datafield><datafield ind1=' ' ind2=' ' tag='500'><subfield code='a'>p</subfield></datafield><datafield ind1=' ' ind2='9' tag='650'><subfield code='a'>Powieść amerykańska</subfield><subfield code='y'>21 w.</subfield></datafield><datafield ind1='1' ind2=' ' tag='700'><subfield code='a'>Antosiewicz, Maciej</subfield><subfield code='e'>Tł.</subfield></datafield><datafield ind1=' ' ind2=' ' tag='852'><subfield code='b'>48OMNIS_NETWORK</subfield><subfield code='8'>9913262113305606</subfield></datafield><datafield ind1=' ' ind2=' ' tag='852'><subfield code='b'>48OMNIS_WBP</subfield><subfield code='8'>990003278010308414</subfield></datafield><datafield ind1=' ' ind2=' ' tag='852'><subfield code='b'>48OMNIS_BOL</subfield><subfield code='8'>990005585120308413</subfield></datafield><datafield ind1=' ' ind2=' ' tag='852'><subfield code='b'>48OMNIS_MBPG</subfield><subfield code='8'>991002505409708210</subfield></datafield><datafield ind1=' ' ind2=' ' tag='852'><subfield code='b'>48OMNIS_KR</subfield><subfield code='8'>991000032309708216</subfield></datafield><datafield ind1=' ' ind2=' ' tag='852'><subfield code='8'>22742213040008413</subfield><subfield code='j'>1</subfield><subfield code='b'>001F</subfield><subfield code='p'>00101-003014807</subfield><subfield code='c'>F</subfield></datafield><datafield ind1=' ' ind2=' ' tag='852'><subfield code='8'>22803014660008210</subfield><subfield code='j'>1</subfield><subfield code='b'>F16</subfield><subfield code='p'>10188667</subfield><subfield code='c'>UBYTKI_F16</subfield></datafield><datafield ind1=' ' ind2=' ' tag='920'><subfield code='a'>83-7469-064-X</subfield></datafield></record>
  </collection>
</resp>
